Statystyki dla Sąsiedzi sąsiadów sąsiadów Polski

Kliknij tutaj aby rozwiązać quiz!

Ogólne statystyki

  • Ten quiz został rozwiązany 1 773 razy
  • Średni wynik to 16 z 28

Statystyki odpowiedzi

Odpowiedź% Poprawnych
Hiszpania
92%
Serbia
88%
Włochy
85%
Chorwacja
76%
Bułgaria
70%
Słowenia
69%
Szwecja
69%
Indie
67%
Turcja
64%
Andora
61%
Korea Południowa
61%
Wietnam
60%
Uzbekistan
57%
Iran
56%
Tadżykistan
56%
Pakistan
55%
Kirgistan
54%
Armenia
52%
Laos
52%
Liechtenstein
52%
Turkmenistan
52%
Nepal
51%
Afganistan
50%
Monako
47%
Bhutan
43%
Mjanma
42%
Brazylia
24%
Surinam
19%

Rozkład punktacji

Percentyl według liczby udzielonych odpowiedzi

Procent ludzi z każdym wynikiem

Twoja historia wyników

Nie rozwiązałeś tego quizu